| 000 | 00680nam a2200205Ia 4500 | ||
|---|---|---|---|
| 005 | 20241216011420.0 | ||
| 008 | 190429s9999||||xx |||||||||||||| ||und|| | ||
| 082 |
_a372.6 _bM77 |
||
| 100 | _aMONTES HUAMAN GREGORIA, MONTES HUAMAN MARTA | ||
| 245 | 0 | _aEL ENFOQUE ANALITICO AUTOR OBRA LECTOR PARA LA ENSEÑANZA DE LA LITERATURA EN EDUCACION SECUNDARIA EN LA LOCALIDAD DE YANACANCHA - PASCO | |
| 250 | _a0 | ||
| 260 |
_aCERRO DE PASCO-PERU _bUNDAC _c1998 |
||
| 300 |
_a91 pag. _c30 cm. |
||
| 341 | _h0 | ||
| 490 |
_v0 _a0 |
||
| 505 | _aLITERATURA-ENSEÑANZA LECTOR | ||
| 541 |
_aD _bMONTES HUAMAN GREGORIO _d16-Nov-98 _oSoles |
||
| 650 | _aEducación Secundaria | ||
| 942 | _cTESIS | ||
| 999 |
_c41252 _d41252 |
||